Countries the US has Declared War on - Statistics

General Stats
  • This quiz has been taken 53 times
    18 since last reset
  • The average score is 34 of 50
Answer Stats
Date War Outcome Answer % Correct
1775 American Revolutionary War Victory Great Britain
100%
1990 Gulf War Victory Iraq
94%
1918 World War I Victory Italy
94%
1812 War of 1812 Defeat Canada
88%
1898 Second Samoan Civil War Defeat Germany
88%
1980 Operation Eagle Claw Defeat Iran
88%
1939 World War II Victory Japan
88%
1992 _____ and Croatian War Stalemate Serbia
88%
1776 Cherokee-American Wars Victory Spain
88%
1982 Intervention in Lebanon Defeat Syria
88%
2001 War in _______ Defeat Afghanistan
81%
1992 _____ and Croatian War Stalemate Bosnia and Herzegovina
81%
1854 Battle of Muddy Flat Victory China
81%
1798 Quasi-War Victory France
81%
1958 Lebanon Crisis Victory Lebanon
81%
1846 ________-American War Victory Mexico
81%
1950 _____ War Defeat North Korea
81%
1918 Russian Civil War Defeat Russia
81%
1955 _____ War Defeat Vietnam
81%
1918 World War I Victory Austria
75%
1939 World War II Victory Hungary
75%
1939 World War II Victory Romania
75%
1939 World War II Victory Thailand
75%
1939 World War II Victory Laos
69%
1801 First Barbary War Victory Morocco
69%
1801 First Barbary War Victory Turkey
69%
1785 American-______ War Defeat Algeria
63%
1918 World War I Victory Bulgaria
63%
1939 World War II Victory Bulgaria
63%
1939 World War II Victory Croatia
63%
1912 Little Race War Victory Cuba
63%
1882 _______ Expedition Victory Egypt
63%
1825 Aegean Sea anti-piracy Operations Victory Greece
63%
1982 Intervention in Lebanon Defeat Libya
63%
1916 Occupation of ________ Victory Dominican Republic
56%
1832 First Sumatran Expedition Victory Indonesia
56%
1939 World War II Victory Myanmar
56%
1989 US Invasion of _______ Victory Panama
56%
1899 _______-American War Victory Philippines
56%
1992 Intervention in ______ Civil War Defeat Somalia
56%
1939 World War II Victory Finland
50%
1915 Occupation of ________ Victory Haiti
50%
1918 Russian Civil War Defeat Mongolia
50%
1912 Occupation of ________ Victory Nicaragua
50%
1982 Intervention in Lebanon Defeat Yemen
50%
1939 World War II Victory Slovakia
44%
1841 Bombardment of Upolu Victory Samoa
25%
2004 Intervention North-West Pakistan Victory Turkmenistan
25%
1983 US Invasion of _______ Victory Grenada
19%
1841 Battle of Drummond’s Island Victory Micronesia
19%
No matching quizzes found
Score Distribution
Percent of People with Each Score
Percentile by Number Answered
Your Score History
You have not taken this quiz since the last reset